Blasons de Châtelleries de Bordeciel - Statistiques

Statistiques générales
  • Ce quiz a été pris 5 fois
  • Le résultat moyen est 5 sur 9
Statistiques - réponses
Châtellerie Blason % Correct
Epervine Cerf
80%
Haafingar Loup
80%
Estemarche Ours
80%
Blancherive Cheval
60%
Le Clos Etoile
60%
La Crevasse Bélier
40%
La Brèche Epées
40%
Hjaalmarche Thane
40%
Fortdhiver Couronne
20%
Aucun quiz correspondant
Distribution des résultats
% des personnes avec chaque résultat
Percentile par nombre de réponses
Votre historique - résultats
Vous n’avez pas pris ce quiz